000 00380nam a2200145Ia 4500
008 230917s9999||||xx |||||||||||||| ||und||
040 _e74212
_aMAIN
041 _aEnglish
082 _a658.4 D271D
100 _aDavar, Rustom S
245 0 _aDamaging the art of: games people play to get their way
260 _aNew Delhi
_bVikas
_c1979
300 _aviii, 97 p.
942 _cBK
999 _c205281
_d205281